000 00369nam a22001577a 4500
020 _a81-7573-041-2
082 _a001
_bMEH/G
100 _aMEHRA, S K
100 _aSRIVASTAVA, D K
100 _aCHUTANI, H K
245 _aGENERAL KNOWLEDGE QUIZ
260 _aDELHI
_bTINY TOT PUBLICATIONS
_c1994
300 _a160
650 _aGENERAL KNOWLEDGE
_zINDIA
942 _cBK
999 _c6606
_d6606